Normal view MARC view
  • GARG, VISHAL & MISHRA, DR. BISWANATH AND SHINDE AND SHINDE, VIKRAM RAMCHANDRA, DUBEY, DR. MUKESH KUMAR AND SRIVASTAVA, DR. ANUJ KUMAR

Entry Personal Name

Number of records used in: 1

001 - CONTROL NUMBER

  • control field: 8573

003 - CONTROL NUMBER IDENTIFIER

  • control field: JRU

005 - DATE AND TIME OF LATEST TRANSACTION

  • control field: 20240920112505.0

008 - FIXED-LENGTH DATA ELEMENTS

  • fixed length control field: 240920|| aca||aabn | a|a d

040 ## - CATALOGING SOURCE

  • Original cataloging agency: JRU
  • Transcribing agency: JRU

100 ## - HEADING--PERSONAL NAME

  • Personal name: GARG, VISHAL & MISHRA, DR. BISWANATH AND SHINDE AND SHINDE, VIKRAM RAMCHANDRA, DUBEY, DR. MUKESH KUMAR AND SRIVASTAVA, DR. ANUJ KUMAR

670 ## - SOURCE DATA FOUND

  • Source citation: Work cat.: (JRU)8702: GARG, VISHAL & MISHRA, DR. BISWANATH AND SHINDE AND SHINDE, VIKRAM RAMCHANDRA, DUBEY, DR. MUKESH KUMAR AND SRIVASTAVA, DR. ANUJ KUMAR , PHARMACOTHERAPEUTICS [ D.PHARMA, 2ND ED, ]